El misterio de Quirico ; (Record no. 10778)

MARC details
000 -LEADER
campo de control de longitud fija 01038nam a2200265 i 4500
001 - NÚMERO DE CONTROL
campo de control 10778
003 - IDENTIFICADOR DE NÚMERO DE CONTROL
campo de control ES-MaACL
005 - FECHA Y HORA DE LA ÚLTIMA TRANSACCIÓN
campo de control 20250912122410.0
007 - CAMPO FIJO DE DESCRIPCIÓN FÍSICA--INFORMACIÓN GENERAL
campo de control de longitud fija t|
008 - DATOS DE LONGITUD FIJA--INFORMACIÓN GENERAL
campo de control de longitud fija 881031s1986 sp ah |||| | spa
080 ## - NÚMERO DE LA CLASIFICACIÓN DECIMAL UNIVERSAL
Número de la Clasificación Decimal Universal 860-32"19"
100 1# - ENTRADA PRINCIPAL--NOMBRE DE PERSONA
Nombre de persona Roso de Luna, Mario,
Fechas asociadas al nombre 1872-1931
9 (RLIN) 99794
245 13 - MENCIÓN DEL TÍTULO
Título El misterio de Quirico ;
Resto del título En suspensión de pagos ; El mal karma de Mª del Espíritu Santo Moreno /
Mención de responsabilidad, etc. Mario Roso de Luna ; introducción de Esteban Cortijo.
246 3# - FORMA VARIANTE DEL TITULO
Título propio/Titulo breve En suspensión de pagos
260 ## - PUBLICACIÓN, DISTRIBUCIÓN, ETC.
Lugar de publicación, distribución, etc. Badajoz :
Nombre del editor, distribuidor, etc. Departamento de Publicaciones de la Excma. Diputación,
Fecha de publicación, distribución, etc. 1986.
300 ## - DESCRIPCIÓN FÍSICA
Extensión 112 p :
Otras características físicas il. col. y n. ;
Dimensiones 22 cm.
490 1# - MENCIÓN DE SERIE
Mención de serie Raíces ;
Designación de volumen o secuencia 2
594 ## - Nota al título y mención de responsabilidad
Nota al título y mención de responsabilidad "Facsímil de La novela corta y La novela semanal, 1924-25"
700 0# - ENTRADA AGREGADA--NOMBRE PERSONAL
Nombre de persona Cortijo Parralejo, Esteban,
Fechas asociadas al nombre 1952-
9 (RLIN) 40933
710 1# - ENTRADA AGREGADA--NOMBRE DE ENTIDAD CORPORATIVA
Nombre de entidad corporativa o nombre de jurisdicción como elemento de entrada Badajoz (Provincia).
Unidad subordinada Diputación Provincial
9 (RLIN) 2081
740 32 - ENTRADA AGREGADA--TÍTULO RELACIONADO/ANALÍTICO NO CONTROLADO
Título relacionado o analítico no controlado El mal karma de Mª del Espíritu Santo Moreno.
830 1# - PUNTO DE ACCESO ADICIONAL DE SERIE-TÍTULO UNIFORME
Título uniforme Raíces ;
Designación de volumen o secuencia 2
9 (RLIN) 178830
852 ## - LOCALIZACIÓN
Ubicación ES-MaACL
Número de control de estantería L-18158
Holdings
Estatus retirado Estado de pérdida Estado de daño No para préstamo Biblioteca de origen Biblioteca actual Ubicación en estantería Fecha de adquisición Fuente de adquisición Total de préstamos Signatura topográfica completa Código de barras Visto por última vez Precio de reemplazo Tipo de ítem Koha
        Biblioteca del Ateneo de Madrid Biblioteca del Ateneo de Madrid Depósito 2 17/01/2008     L-18158 1010995 23/02/2023 23/02/2023 Libro impreso